| 000 | 04303cam a22012374i 4500 | ||
|---|---|---|---|
| 003 | PE-LiUPU | ||
| 005 | 20250813185524.0 | ||
| 008 | 150625s r 000 0 d | ||
| 035 | _a(Sirsi) a38058 | ||
| 040 |
_aPE-LiUPU _bspa _cPE-LiUPU _erda |
||
| 082 | 0 | 4 |
_a378.10985 _bF64 _221 |
| 100 | 1 |
_aFlores Arocutipa, Javier, _eautor. |
|
| 245 | 1 | 4 |
_aLos desafíos de la universidad peruana en el siglo XXI / _cJavier Flores Arocutipa, Hilda Guevara Gómez y Alberto Coayla Vilca. |
| 250 | _a2a | ||
| 264 | 1 |
_aTacna, Perú : _bGraficom, _c2007. |
|
| 300 |
_a102 páginas : _bilustraciones ; _c21 cm. |
||
| 336 |
_atext _2rdacontent |
||
| 337 |
_aunmediated _2rdamedia |
||
| 338 |
_avolume _2rdacarrier |
||
| 504 | _aIncluye bibliografía. | ||
| 505 | 0 | _aBienestar y desarrollo. -Bienestar y calidad de vida. -El INB per cápita de los países desarrollados (2003). -La relación del Perú con los países desarrollados. -Crecimiento económico y generación de conocimiento. -Distribución internacional del ingreso. -Tasa de crecimiento y niveles de ingreso. -Recursos, progreso tecnológico y crecimiento económico. -Capital humano y macroeconomía. -Competividad y productividad. -La red de redes y las telecomunicaciones: Base para el crecimiento económico. -Desarrollo científico y tecnológico se calcula internacionalmente por: el uso de internet. -Usuarios de internet en el mundo. -Usuarios en América Latina. -La importancia de la computadora. -La investigación ciéntifica se expresa en artículos científicos y patentes. -La investigación en Ciencia y tecnología en el Perú. -Los bachilleres ya no presentan tesis: un poco de historia. -Recursos humanos para realizar investigación. -Presupuesto e inversión en investigación. -El educador para el siglo XXI. | |
| 526 | _aP202 | ||
| 526 | _aP201 | ||
| 526 | _aP163 | ||
| 526 | _aP162 | ||
| 526 | _aP161 | ||
| 526 | _aP160 | ||
| 526 | _aP148 | ||
| 526 | _aP147 | ||
| 526 | _aP146 | ||
| 526 | _aP145 | ||
| 526 | _aP144 | ||
| 526 | _aP143 | ||
| 526 | _aP142 | ||
| 526 | _aP141 | ||
| 526 | _aP140 | ||
| 526 | _aP139 | ||
| 526 | _aP138 | ||
| 526 | _aP137 | ||
| 526 | _aP136 | ||
| 526 | _aP135 | ||
| 526 | _aP134 | ||
| 526 | _aP133 | ||
| 526 | _aP129 | ||
| 526 | _aP128 | ||
| 526 | _aP127 | ||
| 526 | _aP120 | ||
| 526 | _aP119 | ||
| 526 | _aP118 | ||
| 526 | _aP116 | ||
| 526 | _aP115 | ||
| 526 | _aP114 | ||
| 526 | _aP110 | ||
| 526 | _aP109 | ||
| 526 | _aP108 | ||
| 526 | _aP104 | ||
| 526 | _aP103 | ||
| 526 | _aP102 | ||
| 526 | _aP99 | ||
| 526 | _aP98 | ||
| 526 | _aP97 | ||
| 526 | _aP96 | ||
| 526 | _aP95 | ||
| 526 | _aP93 | ||
| 526 | _aP90 | ||
| 526 | _aP89 | ||
| 526 | _aP88 | ||
| 526 | _aP83 | ||
| 526 | _aP82 | ||
| 526 | _aP62 | ||
| 526 | _aP59 | ||
| 526 | _aP58 | ||
| 526 | _aP57 | ||
| 526 | _aP51 | ||
| 526 | _aP49 | ||
| 526 | _aP48 | ||
| 526 | _aP47 | ||
| 526 | _aP29 | ||
| 526 | _aP24 | ||
| 526 | _aP20 | ||
| 526 | _aP19 | ||
| 526 | _aP17 | ||
| 526 | _aP15 | ||
| 526 | _aP14 | ||
| 526 | _aP12 | ||
| 526 | _aP10 | ||
| 526 | _aP09 | ||
| 526 | _aP08 | ||
| 526 | _aP07 | ||
| 526 | _aP06 | ||
| 526 | _aP05 | ||
| 526 | _aP04 | ||
| 526 | _aP01 | ||
| 650 | 0 | 4 |
_aUniversidades _zPerú _ySiglo XXI. |
| 700 | 1 |
_aGuevara Gómez, Hilda, _eautor. |
|
| 700 | 1 |
_aCoayla Vilca, Alberto, _eautor. |
|
| 910 |
_bjv _clch _d20070813 |
||
| 942 |
_2ddc _cBOOK |
||
| 949 |
_a378.10985 F64 _wDEWEY _c1 _i57955 _lCCODEBUL1 _mBUL _p7.00 _r0 _sY _tBOOK _u2015-06-25 _xBIBLIOTECA _zUNKNOWN _0COMPRA _o.STAFF. Colección General |
||
| 949 |
_a378.10985 F64 _wDEWEY _c2 _i57194 _lCCODEBUL1 _mBUL _p7.00 _r0 _sY _tBOOK _u2015-06-25 _xBIBLIOTECA _zUNKNOWN _0COMPRA _o.STAFF. Colección General |
||
| 596 | _a1 | ||
| 999 |
_a378.10985 F64 _wDEWEY _c46300 _i57955 _f2021-11-8 _g5 _lCCODEBUL1 _mBUL _p7.00 _r0 _sN _tBOOK _u2015-6-25 _xEDUCACION _zUNKNOWN _0COMPRA _o.STAFF. Colección General _d46300 |
||
| 999 |
_a378.10985 F64 _wDEWEY _c2 _i57194 _f2021-11-8 _g5 _lCCODEBUL1 _mBUL _p7.00 _r0 _sN _tBOOK _u2015-6-25 _xEDUCACION _zUNKNOWN _0COMPRA _o.STAFF. Colección General |
||
| 980 |
_81 _gALBERTO SANCHEZ Responsable de Automatización |
||